| 000 | 01006cam a2200217 4500 | ||
|---|---|---|---|
| 001 | ABS66138 | ||
| 008 | 021113n2002 000 0 eng u | ||
| 035 | _a(Sirsi) u120445 | ||
| 100 | _aCreasey, S. | ||
| 245 | _aKeynesian economics | ||
| 260 | _c2002 | ||
| 490 |
_aProperty Week _v(67(43) 1 November 2002, 32-34(3) |
||
| 520 | _aDescribes the plans for the redevelopment of the shopping centre in Milton Keynes by Hermes and Prudential. The plans are ambitions and include an expansion of existing retailers and the creation of larger units to attract new occupiers. Also there will be 60 000 new homes built doubling the population to around 500 000 by 20 years. If the plans are approved, building would start by winter 2003 with completion of the first phase scheduled for 2006. | ||
| 590 | _aABS | ||
| 650 | _aMILTON KEYNES | ||
| 650 | _aSHOPPING CENTRE | ||
| 650 | _aREDEVELOPMENT | ||
| 650 | _aRETAIL DEVELOPMENT | ||
| 690 | _aPROPERTY-COMMERCIAL PROPERTY-RETAIL PROPERTY | ||
| 942 | _n0 | ||
| 999 |
_c71561 _d71561 |
||